000 00723nam0a22002411 4500
001 v19\rc\1836142
005 20250619141913.0
035 _a(NLR Aleph) 004930609
090 _a5675599
_c5675599
100 _a20071224d1906 |||y0rusy50 ca
101 0 _arus
102 _aRU
105 _ay z |||||
200 1 _aБорьба самодержавия и народовластие
_fС. Печ-н
210 _aСанкт-Петербург
_c"Центр. типо-лит." М.Я. Минкова
_d1906
215 _a28 с.
_d18
702 1 _aПеч-н
_bС.
_4220
801 0 _aRU
_bNLR
_gpsbo
801 0 _aRU
_bRuMoRGB
_2psbo
801 1 _aRU
_bProSoft-M
_2rusmarc
852 _aNLR
_j34.50.6.1102
942 _cBOOK
980 _aNB